000 00767nam a2200229 i 4500
001 bg
100 1 _aBRZEZIŃSKI, Marek
_d(1949- ).
245 1 0 _aOrganizacja podstawowych procesów produkcyjnych.
_nCz. 2 /
_cMarek Brzeziński ; Politechnika Lubelska.
260 _aLublin :
_bWydawnictwa Uczelniane PL,
_c1994.
300 _a222 s., [4] k. tabl. złoż. :
_brys., wykr. ;
_c24 cm.
500 _aU góry okł. nazwa przedmiotu : Zarządzanie.
504 _aBibliogr. s. 219-222.
650 9 _aProdukcja
_xorganizacja
655 _aPodręczniki akademickie
020 _a8386333065 (cz. 2)
040 _cBPK
041 0 _apol
080 _a658.5::66/69(075.8)
920 _a83-86333-06-5 (cz. 2)
942 _cKS
008 s pl f |000 0 pol
999 _c10370
_d10370
856 _uhttp://koha.tu.koszalin.pl/cgi-bin/koha/opac-detail.pl?biblionumber=10370
_yKatalog online BPK